[Event "CRO-chT (Women) 29th"]
[Site "Mali Losinj"]
[Date "2021.09.27"]
[Round "3.44"]
[White "Balent, Sara"]
[Black "Ivekovic, Tihana"]
[Result "0-1"]
[WhiteElo "1173"]
[BlackElo "2093"]
[PlyCount "88"]
[EventDate "2021.09.25"]
[EventType "team-tourn"]
[EventRounds "9"]
[EventCountry "CRO"]
[SourceTitle "CBM 204 Extra"]
[Source "ChessBase"]
[SourceDate "2021.11.30"]
[SourceVersion "1"]
[SourceVersionDate "2021.11.30"]
[SourceQuality "1"]
[WhiteTeam "Djurdjevac Picok (W)"]
[BlackTeam "Rijeka Liburnija (W)"]
[WhiteTeamCountry "CRO"]
[BlackTeamCountry "CRO"]

1. e4 e6 2. d4 d5 3. Nd2 c5 4. c3 cxd4 5. cxd4 dxe4 6. Nxe4 Bb4+ 7. Nc3 Nf6 8. Bg5 0-0 9. Nf3 b6 10. Be2 Bb7 11. 0-0 h6 12. Be3 Nc6 13. Qb3 Be7 14. Rfd1 Nb4 15. a3 Nbd5 16. Nxd5 Bxd5 17. Qd3 Bb7 18. Rac1 Nd5 19. Rc2 Bf6 20. Rdc1 Qd6 21. Nd2 Nf4 22. Bxf4 Qxf4 23. Bf3 Bxf3 24. Nxf3 Rfd8 25. Rc4 g5 26. Qe3 Rd5 27. Qxf4 gxf4 28. Rc8+ Rxc8 29. Rxc8+ Kg7 30. g3 fxg3 31. hxg3 Bxd4 32. Nxd4 Rxd4 33. Rc7 Ra4 34. Rc3 Ra5 35. Kg2 Rc5 36. Kf3 Rxc3+ 37. bxc3 f5 38. Ke3 e5 39. a4 Kf6 40. c4 Ke6 41. f3 h5 42. f4 e4 43. Kd4 Kd6 44. Ke3 Kc5 0-1

[Event "CRO-ch U17"]
[Site "Split"]
[Date "2021.07.31"]
[Round "9"]
[White "Balent, Sara"]
[Black "Zvonar, Katarina"]
[Result "1-0"]
[WhiteElo "1211"]
[BlackElo "1098"]
[PlyCount "61"]
[EventDate "2021.07.25"]
[EventType "swiss"]
[EventRounds "9"]
[EventCountry "CRO"]
[SourceTitle "EXT 2022"]
[Source "ChessBase"]
[SourceDate "2021.10.06"]
[SourceVersion "1"]
[SourceVersionDate "2021.10.06"]
[SourceQuality "1"]

1. e4 e5 2. Nf3 Nc6 3. Bc4 Nf6 4. Nc3 Bc5 5. d3 d6 6. 0-0 0-0 7. Be3 Bxe3 8. fxe3 Re8 9. Qe1 Bd7 10. h3 h6 11. Qg3 Na5 12. Bb3 Nxb3 13. axb3 Bc6 14. Nh2 Qd7 15. Rxf6 Re6 16. Rxe6 Qxe6 17. Rf1 Rf8 18. Qg4 Qe7 19. Qg3 Kh8 20. Nf3 Be8 21. Nh4 c6 22. Nf5 Qg5 23. Qxg5 hxg5 24. Nxd6 f6 25. Nxb7 Kg8 26. Nd6 a6 27. Nxe8 Rxe8 28. Na4 a5 29. Ra1 Kf7 30. Nc5 Ke7 31. Rxa5 1-0

[Event "CRO-chT U16 29th"]
[Site "Sesvete"]
[Date "2020.09.05"]
[Round "6.4"]
[White "Balent, Sara"]
[Black "Duplancic, Luka"]
[Result "0-1"]
[WhiteElo "1139"]
[BlackElo "1570"]
[PlyCount "62"]
[EventDate "2020.06.20"]
[EventType "team-tourn"]
[EventRounds "9"]
[EventCountry "CRO"]
[SourceTitle "EXT 2021"]
[Source "ChessBase"]
[SourceDate "2020.10.23"]
[SourceVersion "1"]
[SourceVersionDate "2020.10.23"]
[SourceQuality "1"]
[WhiteTeam "Durdevac Picok"]
[BlackTeam "Samobor"]
[WhiteTeamCountry "CRO"]
[BlackTeamCountry "CRO"]

1. e4 e5 2. Nf3 Nc6 3. Bc4 Nf6 4. d3 Be7 5. Nc3 d6 6. h3 Na5 7. Bb3 Nxb3 8. axb3 0-0 9. 0-0 h6 10. Be3 a6 11. Qd2 Nh7 12. Qe2 f5 13. exf5 Bxf5 14. Nd2 d5 15. d4 c5 16. Nf3 exd4 17. Bxd4 cxd4 18. Nxd4 Qd7 19. g4 Be4 20. f3 Bc5 21. Rad1 Bg6 22. Kg2 Bxd4 23. Rxd4 Nf6 24. Rfd1 Rfe8 25. Qd2 Rad8 26. Nxd5 Nxd5 27. Rxd5 Qxd5 28. Qxd5+ Rxd5 29. Rxd5 Bxc2 30. Rd7 Rb8 31. b4 Ba4 0-1

[Event "CRO-ch U15 Girls"]
[Site "Trogir"]
[Date "2020.08.26"]
[Round "5"]
[White "Balent, Sara"]
[Black "Mihaljevic, Eva"]
[Result "1/2-1/2"]
[WhiteElo "1172"]
[BlackElo "1223"]
[PlyCount "69"]
[EventDate "2020.08.24"]
[EventType "swiss"]
[EventRounds "9"]
[EventCountry "CRO"]
[SourceTitle "CBM 198 Extra"]
[Source "ChessBase"]
[SourceDate "2020.11.30"]
[SourceVersion "1"]
[SourceVersionDate "2020.11.30"]
[SourceQuality "1"]

1. e4 e6 2. d4 d5 3. Nd2 Nf6 4. e5 Nfd7 5. Bd3 c5 6. c3 Nc6 7. Ne2 cxd4 8. cxd4 f6 9. exf6 Nxf6 10. Nf3 Bd6 11. Nc3 a6 12. Bd2 Bd7 13. h4 Qc7 14. a3 0-0 15. Qc2 e5 16. dxe5 Nxe5 17. Nxe5 Bxe5 18. Bg5 Bxc3+ 19. Qxc3 Qxc3+ 20. bxc3 Rae8+ 21. Kd2 Ne4+ 22. Bxe4 dxe4 23. Be3 Bb5 24. g3 Rd8+ 25. Kc2 Rd3 26. Kb2 Rc8 27. Rac1 Rcd8 28. Kb3 Kf7 29. Rhe1 Bc6 30. Bb6 R8d5 31. Be3 Bd7 32. Ra1 Be6 33. Kc2 Rd6 34. Rab1 Bd5 35. Rb6 1/2-1/2

[Event "CRO-chT U16 29th"]
[Site "Sesvete"]
[Date "2020.06.20"]
[Round "1.4"]
[White "Balent, Sara"]
[Black "Kudeljnjak, Natko"]
[Result "1-0"]
[WhiteElo "1139"]
[BlackElo "1666"]
[PlyCount "91"]
[EventDate "2020.06.20"]
[EventType "team-tourn"]
[EventRounds "9"]
[EventCountry "CRO"]
[SourceTitle "EXT 2021"]
[Source "ChessBase"]
[SourceDate "2020.10.23"]
[SourceVersion "1"]
[SourceVersionDate "2020.10.23"]
[SourceQuality "1"]
[WhiteTeam "Durdevac Picok"]
[BlackTeam "Krizevci"]
[WhiteTeamCountry "CRO"]
[BlackTeamCountry "CRO"]

1. e4 d6 2. Nf3 g6 3. d4 Nf6 4. Bd3 Bg7 5. c3 0-0 6. 0-0 b6 7. Bf4 Nbd7 8. Nbd2 Re8 9. Bc2 e5 10. dxe5 dxe5 11. Bg3 a5 12. Nc4 Ng4 13. h3 Nh6 14. Nfd2 Ba6 15. Re1 b5 16. Nxa5 Bc8 17. Nc6 Qf6 18. Nb4 Bb7 19. f3 Qd8 20. Nb3 Qc8 21. Nd5 c6 22. Ne3 Kh8 23. a3 Ng8 24. Qe2 c5 25. Nd2 Ba6 26. Bd3 Rd8 27. Nd5 Ndf6 28. Nb6 Qc6 29. Nxa8 Qxa8 30. Rad1 Nh5 31. Bh2 b4 32. Bxa6 Qa7 33. Kh1 Bh6 34. Nb3 Re8 35. cxb4 Bf4 36. Nxc5 Bxh2 37. Kxh2 Nf4 38. Qc4 Qe7 39. Rd7 Qg5 40. Rg1 Nh6 41. g3 Nxh3 42. Kxh3 Qh5+ 43. Kg2 f5 44. Rh1 Qg5 45. Rxh6 f4 46. Rhxh7# 1-0

[Event "CRO-chT U16 29th"]
[Site "Sesvete"]
[Date "2020.06.20"]
[Round "2.4"]
[White "Knezevic, Karlo"]
[Black "Balent, Sara"]
[Result "1/2-1/2"]
[WhiteElo "1629"]
[BlackElo "1139"]
[PlyCount "82"]
[EventDate "2020.06.20"]
[EventType "team-tourn"]
[EventRounds "9"]
[EventCountry "CRO"]
[SourceTitle "EXT 2021"]
[Source "ChessBase"]
[SourceDate "2020.10.23"]
[SourceVersion "1"]
[SourceVersionDate "2020.10.23"]
[SourceQuality "1"]
[WhiteTeam "Koprivnica"]
[BlackTeam "Durdevac Picok"]
[WhiteTeamCountry "CRO"]
[BlackTeamCountry "CRO"]

1. e4 e5 2. Nf3 Nc6 3. Bb5 d6 4. Nc3 Bd7 5. 0-0 Nf6 6. h3 Be7 7. d3 0-0 8. Bg5 h6 9. Bh4 a6 10. Bxc6 Bxc6 11. Re1 Re8 12. Ne2 Bd7 13. Ng3 Rc8 14. c3 c5 15. d4 g5 16. dxe5 dxe5 17. Bxg5 hxg5 18. Nxg5 Nh7 19. Nxh7 Kxh7 20. Qh5+ Kg7 21. Rad1 Qc7 22. Rd3 Rh8 23. Nf5+ Bxf5 24. Qxf5 Rcg8 25. Rd7 Qc8 26. Qxe5+ Bf6 27. Qg3+ Kf8 28. Qd6+ Kg7 29. e5 Bg5 30. e6 Rf8 31. Qe5+ Bf6 32. Qg3+ Kh7 33. Rxf7+ Rxf7 34. exf7 Rf8 35. Qd3+ Kg7 36. Re3 Rxf7 37. Rg3+ Kf8 38. Qg6 Ke7 39. Re3+ Kf8 40. Rg3 Ke7 41. Re3+ Kf8 1/2-1/2

[Event "CRO-chT U18 Girls"]
[Site "Cakovec"]
[Date "2019.12.30"]
[Round "5.2"]
[White "Savic, Anja"]
[Black "Balent, Sara"]
[Result "1-0"]
[WhiteElo "1783"]
[BlackElo "1125"]
[PlyCount "103"]
[EventDate "2019.12.27"]
[EventType "team-tourn"]
[EventRounds "5"]
[EventCountry "CRO"]
[SourceTitle "CBM 194 Extra"]
[Source "ChessBase"]
[SourceDate "2020.03.31"]
[SourceVersion "1"]
[SourceVersionDate "2020.03.31"]
[SourceQuality "1"]

1. d4 d5 2. c4 e6 3. Nc3 Nf6 4. Bf4 Be7 5. Nf3 0-0 6. e3 Nbd7 7. Rc1 b6 8. cxd5 exd5 9. Nb5 c5 10. Bd3 Bb7 11. 0-0 Re8 12. Nc7 Rc8 13. Nxe8 Qxe8 14. Bb1 h6 15. Re1 Bd8 16. b3 Bc7 17. Bd3 Ne4 18. Bb5 Qe7 19. Nd2 Nef6 20. Nf3 Ne4 21. Nd2 Nef6 22. b4 Bxf4 23. exf4 Qd8 24. dxc5 bxc5 25. Qa4 cxb4 26. Rxc8 Bxc8 27. Qxb4 Qb6 28. a3 Ng4 29. Re2 Ngf6 30. h3 a6 31. Bxd7 Qxb4 32. axb4 Bxd7 33. Nb3 Kf8 34. Kf1 Bb5 35. Ke1 Bxe2 36. Kxe2 Nd7 37. Kd3 Ke7 38. Na5 Kd6 39. Kd4 Nb6 40. Nb7+ Kc7 41. Nc5 Kc6 42. Nxa6 Kb5 43. Nc7+ Kxb4 44. Nxd5+ Nxd5 45. Kxd5 Kc3 46. Kd6 Kd3 47. Ke7 f5 48. Kf7 Ke2 49. Kxg7 Kxf2 50. g4 fxg4 51. hxg4 Kg3 52. f5 1-0

[Event "CRO-chT U18 Girls"]
[Site "Cakovec"]
[Date "2019.12.28"]
[Round "3.2"]
[White "Balent, Sara"]
[Black "Pavelic, Amarie"]
[Result "1-0"]
[WhiteElo "1125"]
[BlackElo "1600"]
[PlyCount "81"]
[EventDate "2019.12.27"]
[EventType "team-tourn"]
[EventRounds "5"]
[EventCountry "CRO"]
[SourceTitle "CBM 194 Extra"]
[Source "ChessBase"]
[SourceDate "2020.03.31"]
[SourceVersion "1"]
[SourceVersionDate "2020.03.31"]
[SourceQuality "1"]

1. e4 e5 2. Nf3 d6 3. h3 Be7 4. Bc4 Nf6 5. Nc3 0-0 6. 0-0 Nbd7 7. d3 b6 8. Be3 Bb7 9. Re1 Rc8 10. Bb3 c6 11. d4 Qc7 12. Bg5 h6 13. Bxf6 Nxf6 14. Qd2 d5 15. exd5 cxd5 16. Nxe5 Bb4 17. Re3 Ne4 18. Qd3 Qd6 19. Nxe4 dxe4 20. Qd1 Bc5 21. c3 Rce8 22. Ng4 h5 23. Nh2 Bc8 24. dxc5 Qg6 25. cxb6 axb6 26. Rg3 Qh6 27. Qe2 h4 28. Re3 Qg5 29. Ng4 Be6 30. Bxe6 Rxe6 31. Rxe4 Rxe4 32. Qxe4 f5 33. Qe6+ Rf7 34. Ne3 f4 35. Ng4 Qb5 36. Rd1 Qg5 37. Rd5 Qe7 38. Qxe7 Rxe7 39. Kf1 Kf7 40. Rd6 b5 41. Rd5 1-0

[Event "CRO-chT (Women) 28th"]
[Site "Mali Losinj"]
[Date "2019.10.04"]
[Round "8.54"]
[White "Balent, Sara"]
[Black "Batory, Lucija"]
[Result "0-1"]
[WhiteElo "1132"]
[BlackElo "1683"]
[PlyCount "120"]
[EventDate "2019.09.28"]
[EventType "team-tourn"]
[EventRounds "9"]
[EventCountry "CRO"]
[SourceTitle "EXT 2020"]
[Source "ChessBase"]
[SourceDate "2019.10.17"]
[SourceVersion "1"]
[SourceVersionDate "2019.10.17"]
[SourceQuality "1"]
[WhiteTeam "Zagreb Mladost (W)"]
[BlackTeam "Ravna Gora Goranka (W)"]
[WhiteTeamCountry "CRO"]
[BlackTeamCountry "CRO"]

1. e4 c5 2. Nf3 Nc6 3. d4 cxd4 4. Nxd4 g6 5. Nc3 Bg7 6. Be3 Nf6 7. Be2 0-0 8. 0-0 d6 9. f3 Bd7 10. Qd2 Nxd4 11. Bxd4 Bc6 12. Rad1 a6 13. Bc4 b5 14. Bb3 Rc8 15. Rfe1 Re8 16. a3 Qc7 17. Re2 Qb7 18. Qd3 a5 19. Nd5 Nd7 20. Bxg7 Kxg7 21. Rdd2 Kg8 22. Nc3 Nc5 23. Qe3 a4 24. Ba2 b4 25. axb4 Qxb4 26. b3 axb3 27. Bxb3 Nxb3 28. cxb3 Qxb3 29. Nd5 Bxd5 30. exd5 Rc1+ 31. Kf2 Qxe3+ 32. Rxe3 f5 33. Rde2 Kf7 34. Rd3 Rec8 35. Kg3 R1c3 36. Rdd2 R8c5 37. h3 Rc7 38. Kh4 R3c4+ 39. Kg3 Ra7 40. Re6 Rc5 41. Re1 Ra8 42. Kf4 Re8 43. Red1 Kf6 44. h4 Rec8 45. Re1 Rc2 46. Ree2 Rxd2 47. Rxd2 Rc4+ 48. Kg3 f4+ 49. Kg4 h5+ 50. Kh3 Rc1 51. Kh2 Re1 52. Rd4 Kf5 53. Rd2 e5 54. dxe6 Kxe6 55. Rd4 Ke5 56. Rd2 d5 57. Rd3 Re3 58. Rd1 d4 59. Rd2 d3 60. Rd1 Kd4 0-1

[Event "CRO-ch U15 Girls"]
[Site "Trogir"]
[Date "2019.06.21"]
[Round "7"]
[White "Bevanda, Ema"]
[Black "Balent, Sara"]
[Result "1-0"]
[WhiteElo "1775"]
[BlackElo "1165"]
[PlyCount "75"]
[EventDate "2019.06.17"]
[EventType "swiss"]
[EventRounds "9"]
[EventCountry "CRO"]
[SourceTitle "EXT 2020"]
[Source "ChessBase"]
[SourceDate "2019.10.17"]
[SourceVersion "1"]
[SourceVersionDate "2019.10.17"]
[SourceQuality "1"]

1. d4 d5 2. Bf4 e6 3. e3 Nf6 4. Nf3 Be7 5. h3 0-0 6. Bd3 Nbd7 7. Nbd2 b6 8. c3 Bb7 9. 0-0 c5 10. Re1 Re8 11. Qe2 Rc8 12. Rad1 h6 13. e4 dxe4 14. Nxe4 Bxe4 15. Bxe4 Nxe4 16. Qxe4 cxd4 17. Nxd4 Bc5 18. Bg3 Bxd4 19. Rxd4 Qe7 20. Bd6 Qf6 21. Qb7 Red8 22. Bc7 Nc5 23. Bxd8 Rxd8 24. Rxd8+ Qxd8 25. Qf3 Qe7 26. Rd1 Qe8 27. Rd6 Kh7 28. Qc6 Qxc6 29. Rxc6 f6 30. b4 Ne4 31. f3 Nd2 32. Rxe6 Nb1 33. Re7 Nxc3 34. Rxa7 Nd5 35. a3 Nc3 36. a4 Nd5 37. a5 bxa5 38. bxa5 1-0

[Event "CRO-ch U13 Girls"]
[Site "Trogir"]
[Date "2018.06.19"]
[Round "7"]
[White "Balent, Sara"]
[Black "Bevanda, Ema"]
[Result "0-1"]
[WhiteElo "1045"]
[BlackElo "1548"]
[PlyCount "98"]
[EventDate "2018.06.16"]
[EventType "swiss"]
[EventRounds "9"]
[EventCountry "CRO"]
[SourceTitle "EXT 2019"]
[Source "ChessBase"]
[SourceDate "2018.10.10"]
[SourceVersion "1"]
[SourceVersionDate "2018.10.10"]
[SourceQuality "1"]

1. e4 e6 2. d4 d5 3. exd5 exd5 4. Bd3 Bd6 5. Nf3 Ne7 6. 0-0 Bf5 7. a3 0-0 8. Bg5 f6 9. Be3 Bxd3 10. Qxd3 c6 11. Nbd2 Na6 12. Rfe1 Qd7 13. c4 Rad8 14. c5 Bb8 15. Nb3 Nc7 16. Rac1 Ne6 17. Qd2 Rfe8 18. h3 Nf5 19. Re2 Nxe3 20. Rxe3 Bf4 21. Qe2 Bxe3 22. Qxe3 Qc7 23. Qd2 Rd7 24. Re1 Rde7 25. Qc1 Qf4 26. Kf1 Qxc1 27. Nxc1 Nf4 28. Rxe7 Rxe7 29. Nd2 Kf7 30. Ndb3 b6 31. a4 Rb7 32. cxb6 axb6 33. h4 Ra7 34. g3 Ne6 35. Ne2 Rxa4 36. Nc3 Rb4 37. Nc1 Rxb2 38. N1e2 Rb4 39. Ke1 Nxd4 40. Nxd4 Rxd4 41. Ne2 Re4 42. f3 Rxe2+ 43. Kxe2 Ke6 44. Kd3 c5 45. f4 Kf5 46. Kc3 Kg4 47. h5 Kxg3 48. f5 Kg4 49. h6 gxh6 0-1